| 000 | 00549nam a2200181Ia 4500 | ||
|---|---|---|---|
| 008 | 090124s9999 xx 000 0 und d | ||
| 082 | _b106036 | ||
| 100 | _aबाबर सरोजीनी | ||
| 245 | _a सुंबरान मांडिलं | ||
| 250 | _a1 | ||
| 260 | _c1957 | ||
| 300 | _a122 | ||
| 600 | _aबाबर सरोजीनी | ||
| 630 | _a सुंबरान मांडिलं | ||
| 700 | _aबाबर सरोजीनी | ||
| 730 | _a सुंबरान मांडिलं | ||
| 942 | _cBOOK | ||
| 999 |
_c152127 _d152127 |
||